[Event "Game 30 - Rated game, 15m + 1s"]
[Site "Main Playing Hall"]
[Date "2003.03.25"]
[Round "?"]
[White "Agamennone"]
[Black "kmreese"]
[Result "0-1"]
[WhiteElo "1588"]
[BlackElo "1614"]
[Annotator "White - Resign"]
[PlyCount "94"]
[EventDate "2003.??.??"]

1. e4 c5 2. b3 Nc6 3. Bb2 Nf6 4. d3 e5
5. Be2 Nd4 6. Bf3 g6 7. Bxd4 cxd4 8. c3 dxc3
9. Nxc3 Bb4 10. Rc1 Qa5 11. Nge2 Qxa2 12. O-O Qa5
13. h3 d6 14. Nd5 Nxd5 15. exd5 Bf5 16. Ng3 O-O
17. Nxf5 gxf5 18. Bh5 f4 19. Qg4+ Kh8 20. Qf5 f6
21. g3 Rg8 22. Qxf6+ Rg7 23. g4 Qxd5 24. Rc7 Rag8
25. Bf7 Rf8 26. Rfc1 Qxd3 27. Rc8 d5 28. Rxf8+ Bxf8
29. Rc8 Qb1+ 30. Kg2 Qe4+ 31. Kf1 Qh1+ 32. Ke2 f3+
33. Ke3 d4+ 34. Kd3 Qd1+ 35. Kc4 Qc1+ 36. Kd5 Qxc8
37. Be6 Qe8 38. Qxe5 Be7 39. Kxd4 Qd8+ 40. Ke4 h5
41. Qxh5+ Rh7 42. Qe5+ Bf6 43. Qf5 Qd4+ 44. Kxf3 Rxh3+
45. Kg2 Rh6 46. g5 Rh5 47. Qg6 Rxg5+ {White - Resign} 0-1

[Event "Game 31 - Rated game, 10m + 0s"]
[Site "Main Playing Hall"]
[Date "2003.03.26"]
[Round "?"]
[White "Agamennone"]
[Black "kmreese"]
[Result "1-0"]
[WhiteElo "1303"]
[BlackElo "1344"]
[Annotator "Black - Time"]
[PlyCount "79"]
[EventDate "2003.??.??"]

1. e4 c5 2. b3 g6 3. Bb2 f6 4. e5 Nc6
5. exf6 exf6 6. Qe2+ Be7 7. Nf3 d6 8. g3 Bg4
9. Bg2 Qa5 10. O-O O-O-O 11. Bc3 Nb4 12. d3 Qa6
13. Qd2 Nd5 14. Bb2 c4 15. Ne1 c3 16. Nxc3 Nxc3
17. Bxc3 d5 18. Bd4 Bd6 19. a4 Ne7 20. Rc1 Rhf8
21. c4 dxc4 22. Rxc4+ Nc6 23. Bxc6 bxc6 24. f3 Bh3
25. Ng2 f5 26. Rfc1 Kb8 27. Nf4 Ba3 28. R1c2 Rxd4
29. Rxc6 Qb7 30. Ne6 Qxb3 31. Nxd4 Qb1+ 32. Kf2 Qf1+
33. Ke3 Re8+ 34. Kf4 g5+ 35. Kxg5 Be7+ 36. Kf4 h6
37. Rxh6 Bc5 38. Rxc5 Re4+ 39. dxe4 fxe4 40. Rh8+ {Black - Time} 1-0

[Event "Game 32 - Rated game, 25m + 0s"]
[Site "Main Playing Hall"]
[Date "2003.03.27"]
[Round "?"]
[White "kmreese"]
[Black "Agamennone"]
[Result "0-1"]
[WhiteElo "1638"]
[BlackElo "1571"]
[PlyCount "72"]

1. e4 c5 2. Nf3 d6 3. Bc4 e6 4. e5 d5
5. Bb5+ Nd7 6. d4 c4 7. Nc3 a6 8. Bxd7+ Bxd7
9. O-O Ne7 10. b3 b5 11. a4 g6 12. Bg5 Bg7
13. axb5 axb5 14. b4 Rxa1 15. Qxa1 O-O 16. Rb1 Re8
17. Qb2 Qc7 18. Ra1 Bc8 19. Ra5 h6 20. Bf4 Nf5
21. Rxb5 Bd7 22. Ra5 Rb8 23. b5 Qxa5 24. Bd2 Bxb5
25. Nxd5 Qd8 26. Bb4 Bc6 27. c3 Bxd5 28. Nd2 f6
29. exf6 Qxf6 30. Kf1 e5 31. dxe5 Qxe5 32. Qa3 Kh7
33. g4 Nh4 34. Bd6 Bg2+ 35. Kg1 Qe1+ 36. Nf1 Qxf1# 0-1

[Event "Game 33 - Rated game, 25m + 0s"]
[Site "Main Playing Hall"]
[Date "2003.03.27"]
[Round "?"]
[White "Agamennone"]
[Black "kmreese"]
[Result "0-1"]
[WhiteElo "1592"]
[BlackElo "1616"]
[Annotator "White - Resign"]
[PlyCount "96"]
[EventDate "2003.??.??"]

1. e4 c5 2. Nf3 d6 3. Nc3 g6 4. b3 Bg7
5. Bb2 Nf6 6. Rb1 Bg4 7. Be2 h5 8. d3 Nc6
9. Nd2 Bxe2 10. Qxe2 Nd4 11. Qd1 Ng4 12. Nd5 e6
13. Bxd4 Bxd4 14. Ne3 Qf6 15. Nf3 Bxe3 16. fxe3 Nxe3
17. Qe2 Ng4 18. O-O O-O-O 19. Nd2 Qh4 20. h3 d5
21. Nf3 Qe7 22. hxg4 hxg4 23. Nh2 Qh4 24. g3 Qxg3+
25. Qg2 Qe5 26. Nxg4 Qd4+ 27. Rf2 Rh4 28. Kf1 Rdh8
29. Ke2 Qc3 30. Rc1 f5 31. exf5 gxf5 32. Ne3 f4
33. Ng4 Qb2 34. Rff1 Rg8 35. Rh1 Rhxg4 36. Qh3 Rg2+
37. Kf3 R2g3+ 38. Qxg3 fxg3 39. Rcg1 Qf6+ 40. Kg2 Qf2+
41. Kh3 Rh8+ 42. Kg4 Rxh1 43. Rxg3 Qh2 44. Kf4 Rf1+
45. Kg4 Qe2+ 46. Kh4 Qe1 47. Kg4 Rg1 48. Rxg1 Qxg1+ {White - Resign} 0-1

[Event "Game 34 - Friendly Game, 25m + 0s"]
[Site "Main Playing Hall"]
[Date "2003.04.04"]
[Round "?"]
[White "Agamennone"]
[Black "kmreese"]
[Result "0-1"]
[WhiteElo "1576"]
[BlackElo "1594"]
[Annotator "White - Resign"]
[PlyCount "108"]
[EventDate "2003.??.??"]

1. b3 e5 2. Bb2 Nc6 3. e4 Bb4 4. Nf3 Nf6
5. c3 Bc5 6. b4 Bb6 7. d4 Ng4 8. Be2 exd4
9. cxd4 Nxb4 10. O-O d5 11. e5 O-O 12. a3 Nc6
13. Qd3 f5 14. h3 Nh6 15. Nc3 f4 16. Na4 Bf5
17. Qd2 Ba5 18. Bc3 b6 19. Bxa5 Nxa5 20. Rab1 Bxb1
21. Rxb1 Rb8 22. h4 Ng4 23. Ng5 f3 24. Bxf3 Nc4
25. Qd3 g6 26. Ne6 Qxh4 27. Bxg4 Qxg4 28. Nxf8 Rxf8
29. Rf1 c5 30. dxc5 Nxe5 31. Qxd5+ Nf7 32. c6 Rd8
33. Qb3 Kh8 34. c7 Rc8 35. Qxf7 Qxa4 36. Re1 g5
37. Qf6+ Kg8 38. Qe6+ Kf8 39. Qxc8+ Kf7 40. Qd7+ Qxd7
41. Rc1 Qc8 42. Rc6 b5 43. Kf1 Ke7 44. Rc5 a6
45. Ke2 Kd6 46. Rc3 h5 47. Rd3+ Ke6 48. Re3+ Kd5
49. Rd3+ Kc4 50. Kd2 a5 51. Rc3+ Kd5 52. Kd3 b4
53. axb4 axb4 54. Rc4 Qf5+ {White - Resign} 0-1

[Event "Game 35 - Friendly Game, 25m + 0s"]
[Site "Main Playing Hall"]
[Date "2003.04.06"]
[Round "?"]
[White "Agamennone"]
[Black "kmreese"]
[Result "1/2-1/2"]
[WhiteElo "1576"]
[BlackElo "1580"]
[Annotator "White - Accepted Draw"]
[PlyCount "82"]
[EventDate "2003.??.??"]

1. e4 c5 2. Nf3 d5 3. exd5 Qxd5 4. Nc3 Qd8
5. d4 e6 6. Bc4 cxd4 7. Nxd4 Bc5 8. Be3 Ne7
9. O-O e5 10. Nf3 Qb6 11. Na4 Qb4 12. Bxf7+ Kxf7
13. Nxc5 Nbc6 14. Ng5+ Kg6 15. Qd3+ Nf5 16. Rad1 Rd8
17. Qe4 Rxd1 18. Rxd1 b6 19. Rd6+ Kh5 20. Qxb4 Nxb4
21. Rd8 Nxe3 22. Nce4 Ned5 23. Nf3 Nxc2 24. Nxe5 Nf4
25. Nd6 Ne2+ 26. Kh1 Bb7 27. Nxb7 Rxd8 28. Nxd8 g5
29. h3 a5 30. Nf3 Ncd4 31. Nxd4 Nxd4 32. Nf7 a4
33. g4+ Kh4 34. Kg2 b5 35. Nd6 b4 36. Nf5+ Nxf5
37. gxf5 Kh5 38. Kg3 Kh6 39. Kg4 Kg7 40. Kxg5 h6+
41. Kg4 Kf6 {White - Accepted Draw} 1/2-1/2

[Event "Game 36 - Friendly Game, 10m + 3s"]
[Site "Main Playing Hall"]
[Date "2003.04.06"]
[Round "?"]
[White "Agamennone"]
[Black "kmreese"]
[Result "1/2-1/2"]
[WhiteElo "1401"]
[BlackElo "1299"]
[Annotator "Stalemate"]
[PlyCount "101"]
[EventDate "2003.??.??"]

1. e4 c5 2. Nf3 d6 3. Nc3 g6 4. Bb5+ Bd7
5. Bxd7+ Nxd7 6. O-O Bg7 7. Re1 e5 8. d3 Ne7
9. Be3 O-O 10. Qd2 f5 11. Bh6 Rf7 12. Bxg7 Rxg7
13. Qh6 Nf6 14. h3 Kh8 15. exf5 Neg8 16. Qd2 gxf5
17. Kh2 Nh5 18. Rg1 Ngf6 19. Nh4 Nf4 20. Nxf5 Ng4+
21. hxg4 Rxg4 22. g3 Rg5 23. gxf4 Rh5+ 24. Kg3 Qg8+
25. Kf3 Rh3+ 26. Ng3 e4+ 27. Ncxe4 Rf8 28. Qc3+ Qg7
29. Qxg7+ Kxg7 30. Nxd6 Kh6 31. Nxb7 Rh4 32. Nxc5 Rfxf4+
33. Ke3 Rf8 34. Rh1 Re8+ 35. Nge4 Kh5 36. Kd2 Rxh1
37. Rxh1+ Kg4 38. Nf6+ Kf3 39. Nxe8 Kxf2 40. Ne4+ Kg2
41. Rxh7 Kf1 42. Rg7 a5 43. Ra7 a4 44. Rxa4 Kg2
45. d4 Kf3 46. d5 Kf4 47. d6 Ke5 48. d7 Ke6
49. d8=Q Kf7 50. Qd6 Kxe8 51. Ra7 {Stalemate} 1/2-1/2

[Event "Game 37 - Rated game, 10m + 3s"]
[Site "Main Playing Hall"]
[Date "2003.04.10"]
[Round "?"]
[White "kmreese"]
[Black "Agamennone"]
[Result "0-1"]
[WhiteElo "1327"]
[BlackElo "1360"]
[PlyCount "52"]

1. e4 c5 2. f4 d6 3. Bc4 Nf6 4. d3 a6
5. f5 b5 6. Bb3 e6 7. fxe6 Bxe6 8. Bxe6 fxe6
9. Bg5 Be7 10. Nf3 O-O 11. e5 Nd5 12. exd6 Bxg5
13. Ne5 Qxd6 14. h4 Ne3 15. Qe2 Bh6 16. Nc3 Qxe5
17. Ne4 c4 18. c3 cxd3 19. Qxd3 Nxg2+ 20. Ke2 Nf4+
21. Kd2 Nxd3+ 22. Kxd3 Qd5+ 23. Kc2 Qxe4+ 24. Kb3 Nc6
25. Rhe1 Na5+ 26. Ka3 Qa4# 0-1

[Event "Game 38 - Rated game, 10m + 3s"]
[Site "Main Playing Hall"]
[Date "2003.04.10"]
[Round "?"]
[White "Agamennone"]
[Black "kmreese"]
[Result "0-1"]
[WhiteElo "1376"]
[BlackElo "1311"]
[PlyCount "38"]

1. e4 c5 2. Nf3 Nc6 3. a3 d5 4. exd5 Qxd5
5. c4 Qe4+ 6. Be2 Bg4 7. Nc3 Qf5 8. O-O O-O-O
9. d3 Ne5 10. Nh4 Qh5 11. Bxg4+ Nxg4 12. Nf3 N8f6
13. Bf4 e5 14. Bg3 e4 15. Ne5 Bd6 16. Nxe4 Nxe4
17. dxe4 Bxe5 18. Qf3 Bxg3 19. fxg3 Qxh2# 0-1

[Event "Game 39 - Rated game, 10m + 3s"]
[Site "Main Playing Hall"]
[Date "2003.04.10"]
[Round "?"]
[White "kmreese"]
[Black "Agamennone"]
[Result "0-1"]
[WhiteElo "1332"]
[BlackElo "1355"]
[PlyCount "64"]

1. d4 Nf6 2. Nf3 d5 3. Bf4 e6 4. e3 b6
5. Nc3 Bb7 6. Bb5+ c6 7. Ba4 Nbd7 8. Ng5 h6
9. Nxf7 Kxf7 10. O-O Be7 11. h4 Ne4 12. Nxe4 dxe4
13. Qh5+ Kg8 14. f3 Nf6 15. Qe5 Bd6 16. Qxe6+ Kh7
17. fxe4 Nxe4 18. Qf5+ g6 19. Qxe4 Bxf4 20. Rxf4 Re8
21. Qf3 Re7 22. h5 c5 23. hxg6+ Kxg6 24. Qg4+ Kh7
25. Qf5+ Kh8 26. Qf6+ Rg7 27. Qxh6+ Rh7 28. Qg6 Qg8
29. Qf6+ Qg7 30. Raf1 Qxf6 31. Rxf6 Rg8 32. dxc5 Rxg2# 0-1

[Event "Game 40 - Rated game, 10m + 3s"]
[Site "Main Playing Hall"]
[Date "2003.04.21"]
[Round "?"]
[White "kmreese"]
[Black "Agamennone"]
[Result "1-0"]
[WhiteElo "1381"]
[BlackElo "1497"]
[PlyCount "69"]

1. e4 c5 2. Bc4 Nc6 3. c3 e6 4. Nf3 d5
5. exd5 exd5 6. Bb5 Bd7 7. O-O Nf6 8. Re1+ Be7
9. Ne5 O-O 10. Nxd7 Qxd7 11. d4 Rfe8 12. Bg5 h6
13. Bh4 a6 14. Bxf6 Bxf6 15. Rxe8+ Rxe8 16. Bd3 cxd4
17. cxd4 Bxd4 18. Nd2 Bxb2 19. Rb1 Bf6 20. Nf3 b5
21. a4 Ne5 22. axb5 Nxf3+ 23. Qxf3 Rb8 24. Bf5 Qe8
25. Qxd5 axb5 26. Bd7 Qd8 27. Rxb5 Ra8 28. g3 Ra7
29. Rb7 Qa8 30. Bc6 Ra5 31. Qxf7+ Kh8 32. Qc7 Ra1+
33. Kg2 Qa2 34. Rb8+ Kh7 35. Be4# 1-0

[Event "Game 41 - Rated game, 10m + 3s"]
[Site "Main Playing Hall"]
[Date "2003.05.07"]
[Round "?"]
[White "Agamennone"]
[Black "kmreese"]
[Result "1-0"]
[WhiteElo "1631"]
[BlackElo "1428"]
[PlyCount "63"]

1. e4 e5 2. Nf3 Nc6 3. d4 f6 4. d5 Nce7
5. Bc4 f5 6. d6 cxd6 7. Qxd6 Ng6 8. Qd5 Bb4+
9. c3 Nh6 10. cxb4 Nf4 11. Qxe5+ Ne6 12. exf5 d6
13. Qe4 O-O 14. fxe6 Qe7 15. O-O Bd7 16. Ng5 Rf5
17. Nf7 Rxf7 18. Bxh6 Rf6 19. Bg5 d5 20. Bxd5 Kh8
21. exd7 Qxe4 22. Bxe4 Re6 23. d8=Q+ Rxd8 24. Bxd8 Rxe4
25. Nc3 Rxb4 26. Rae1 h5 27. Nd5 Rxb2 28. Re8+ Kh7
29. Nf4 h4 30. h3 Kh6 31. Bxh4 Rxa2 32. Rh8# 1-0

[Event "Game 44 - Rated game, 15m + 3s"]
[Site "Main Playing Hall"]
[Date "2003.06.06"]
[Round "?"]
[White "Agamennone"]
[Black "kmreese"]
[Result "1-0"]
[WhiteElo "1553"]
[BlackElo "1776"]
[PlyCount "73"]

1. e4 c5 2. Nf3 d6 3. Bb5+ Bd7 4. Bxd7+ Nxd7
5. O-O e5 6. c4 Ndf6 7. d3 Ng4 8. h3 h5
9. Bg5 f6 10. Bh4 g5 11. Bg3 h4 12. Bh2 Nxh2
13. Nxh2 Bh6 14. Qg4 Qb6 15. b3 Ne7 16. Qe6 Rf8
17. Nc3 Kd8 18. Ng4 Re8 19. Qxf6 Rf8 20. Qxh6 Ng8
21. Qxf8+ Kd7 22. Qxa8 Ne7 23. Qh8 d5 24. Qxe5 dxc4
25. Nd5 Nxd5 26. Qxd5+ Kc7 27. dxc4 a5 28. Ne5 Qb4
29. Qd7+ Kb6 30. Qd6+ Ka7 31. Rad1 Qb6 32. Qd7 a4
33. Rd6 Qb4 34. Nd3 Qc3 35. Nxc5 Qb4 36. Ra6+ Kb8
37. Qd8# 1-0

[Event "Game 45 - Rated game, 15m + 3s"]
[Site "Main Playing Hall"]
[Date "2003.06.06"]
[Round "?"]
[White "kmreese"]
[Black "Agamennone"]
[Result "0-1"]
[WhiteElo "1652"]
[BlackElo "1582"]
[PlyCount "72"]

1. e4 e5 2. Nf3 d6 3. Bc4 h6 4. d4 Nc6
5. d5 Na5 6. Bb5+ c6 7. dxc6 bxc6 8. Ba4 Bb7
9. Bd2 Nc4 10. Nc3 Nxb2 11. Qb1 Nxa4 12. Nxa4 Rb8
13. O-O Ba6 14. Qe1 Bxf1 15. Kxf1 Nf6 16. Ba5 Qd7
17. Nxe5 dxe5 18. Nc5 Qd4 19. Na6 Qc4+ 20. Kg1 Qxa6
21. Rd1 Be7 22. Bc7 Rb2 23. Qd2 O-O 24. Bxe5 Qb5
25. Bxb2 Qxb2 26. h3 Nxe4 27. Qe1 Qxc2 28. Rc1 Qd3
29. Rxc6 Bc5 30. Kh2 Bxf2 31. Qc1 Bg3+ 32. Kg1 Qd4+
33. Kh1 Nf2+ 34. Kg1 Nd3+ 35. Kf1 Nxc1 36. Rxc1 Qf2# 0-1

[Event "Game 46 - Rated game, 20m + 0s"]
[Site "Main Playing Hall"]
[Date "2003.06.17"]
[Round "?"]
[White "kmreese"]
[Black "Agamennone"]
[Result "0-1"]
[WhiteElo "1561"]
[BlackElo "1603"]
[PlyCount "38"]

1. e4 c5 2. f4 e6 3. e5 g6 4. Bb5 a6
5. Ba4 b5 6. c4 bxa4 7. Qxa4 Bb7 8. Nc3 Bxg2
9. Nb5 Bxh1 10. Nh3 Nc6 11. Ng5 axb5 12. Qxb5 h6
13. Ne4 Qh4+ 14. Kd1 Bxe4 15. d3 Qg4+ 16. Kc2 Qe2+
17. Bd2 Bxd3+ 18. Kc1 Qf1+ 19. Be1 Qxe1# 0-1

[Event "Game 47 - Rated game, 15m + 2s"]
[Site "Main Playing Hall"]
[Date "2003.06.17"]
[Round "?"]
[White "Agamennone"]
[Black "kmreese"]
[Result "1-0"]
[WhiteElo "1619"]
[BlackElo "1498"]
[PlyCount "57"]

1. e4 c5 2. Nf3 d6 3. c3 e5 4. d4 exd4
5. cxd4 cxd4 6. Nxd4 Nf6 7. Nc3 Qa5 8. Bd2 b5
9. Bxb5+ Bd7 10. Bxd7+ Nbxd7 11. O-O Ne5 12. a3 Neg4
13. b4 Qc7 14. h3 d5 15. hxg4 h5 16. Nxd5 Qd6
17. Bf4 Qd7 18. Nxf6+ gxf6 19. Ra2 hxg4 20. Bg3 Rd8
21. Rd2 Bh6 22. Rc2 Qb7 23. Qxg4 f5 24. Nxf5 Qd7
25. Bh4 Qb5 26. Nxh6 Rd7 27. Bg5 f5 28. Rc8+ Rd8
29. Rxd8# 1-0

[Event "Game 48 - Rated game, 15m + 2s"]
[Site "Main Playing Hall"]
[Date "2003.06.17"]
[Round "?"]
[White "Agamennone"]
[Black "kmreese"]
[Result "1-0"]
[WhiteElo "1631"]
[BlackElo "1452"]
[Annotator "Black - Resign"]
[PlyCount "107"]

1. e4 c5 2. Nf3 d6 3. c3 e5 4. d4 exd4
5. cxd4 d5 6. dxc5 Bxc5 7. Bb5+ Bd7 8. Qxd5 Qa5+
9. Nc3 Bb4 10. Bxd7+ Nxd7 11. Qxa5 Bxa5 12. O-O Ngf6
13. Bg5 O-O 14. Bxf6 Nxf6 15. e5 Ng4 16. Nd5 Rae8
17. h3 Nh6 18. Rfe1 f6 19. Nxf6+ Rxf6 20. exf6 Rxe1+
21. Rxe1 Bxe1 22. Nxe1 gxf6 23. Nd3 b6 24. f4 Nf5
25. Kf2 Kf7 26. g4 Nd4 27. Nb4 a5 28. Na6 a4
29. Ke3 Nc2+ 30. Kd2 Nd4 31. Nb4 b5 32. Nc2 Nf3+
33. Ke2 Nh4 34. f5 h6 35. b3 Ng2 36. bxa4 bxa4
37. Kf3 Nh4+ 38. Kg3 Ng6 39. fxg6+ Kxg6 40. Kf4 Kf7
41. Nd4 Kg6 42. Nb5 Kf7 43. Nc3 a3 44. Nb5 Ke6
45. Ke4 Ke7 46. Nxa3 Kf7 47. Nb5 Kg6 48. Nd6 Kg5
49. Nf5 Kg6 50. a4 h5 51. a5 hxg4 52. hxg4 Kg5
53. Kf3 Kg6 54. a6 {Black - Resign} 1-0

[Event "Game 49 - Friendly Game, 20m + 2s"]
[Site "Main Playing Hall"]
[Date "2003.06.22"]
[Round "?"]
[White "Agamennone"]
[Black "kmreese"]
[Result "0-1"]
[WhiteElo "1640"]
[BlackElo "1418"]
[Annotator "White - Resign"]
[PlyCount "78"]

1. e4 c5 2. Nf3 d6 3. d4 Nf6 4. Nc3 cxd4
5. Nxd4 e5 6. Nf3 Nc6 7. Bd3 Ng4 8. h3 Nxf2
9. Kxf2 Nb4 10. Bb5+ Bd7 11. Bxd7+ Qxd7 12. Bd2 d5
13. Nxe5 Qd6 14. Nf3 Qc5+ 15. Be3 Qe7 16. Re1 Rd8
17. Bd4 Qc7 18. exd5+ Be7 19. a3 Nxd5 20. Nb5 Qc6
21. c4 Qxc4 22. Bxg7 Qc5+ 23. Nfd4 Rg8 24. Be5 Kf8
25. Nc3 Bh4+ 26. g3 Bxg3+ 27. Bxg3 Nxc3 28. bxc3 Qxc3
29. Re4 Qxg3+ 30. Ke2 Qg2+ 31. Kd3 Rg3+ 32. Re3 Rxe3+
33. Kxe3 Qxh3+ 34. Ke4 f5+ 35. Ke5 Qe3+ 36. Kxf5 Rxd4
37. Qg1 Qf4+ 38. Ke6 Qe4+ 39. Kf6 Rd6+ {White - Resign} 0-1

[Event "Game 50 - Friendly Game, 20m + 2s"]
[Site "Main Playing Hall"]
[Date "2003.06.22"]
[Round "?"]
[White "kmreese"]
[Black "Agamennone"]
[Result "0-1"]
[WhiteElo "1418"]
[BlackElo "1640"]
[Annotator "White - Resign"]
[PlyCount "56"]
[EventDate "2003.??.??"]

1. e4 c5 2. d4 cxd4 3. Bb5 a6 4. Bc4 e6
5. e5 Nc6 6. Nf3 b5 7. Bb3 Na5 8. Nxd4 Bb7
9. O-O Bc5 10. Be3 Bxd4 11. Bxd4 Qg5 12. f3 Nc6
13. Bf2 Nxe5 14. h4 Qg6 15. Nd2 Nf6 16. a4 O-O
17. axb5 axb5 18. Rxa8 Bxa8 19. Bc5 Re8 20. c4 Bc6
21. cxb5 Bxb5 22. Re1 Nd3 23. Bc2 Qg3 24. Rf1 Nf4
25. Rf2 Qxh4 26. Nb3 Qg3 27. Nd4 Nh3+ 28. Kh1 Nxf2+ {White - Resign} 0-1